| 000 | 01050nam a2200301Ia 4500 | ||
|---|---|---|---|
| 008 | 130821s1982 enka gr deng | ||
| 020 | _a050027696X | ||
| 040 |
_aCo-BoUCM _bspa |
||
| 041 | 0 | 0 | _aeng |
| 100 | 1 |
_aBool F.H. _9167899 |
|
| 245 | 1 | 0 |
_aEscher the complete graphic work _cF.H. Bool ... [et al.] |
| 260 |
_aLondres (Inglaterra) _bThames and Hudson _cc1982 |
||
| 300 |
_a349 páginas _bilustraciones (algunas en color) |
||
| 504 | _aIncluye referencias bibliográficas e índice. | ||
| 600 | 1 | 0 |
_aEscher, M. C. _q(Maurits Cornelius) _d1898-1972 _9167900 |
| 650 | 0 | 4 |
_aArte _99444 |
| 650 | 0 | 4 |
_aArtistas alemanes _vBiografías _99577 |
| 650 | 0 | 4 |
_aDibujo alemán _913208 |
| 700 | 1 |
_aErnst, Bruno _982716 |
|
| 700 | 1 |
_aKist, J.R. _9167901 |
|
| 700 | 1 |
_aLangham, Tony _etrad _9167902 |
|
| 700 | 1 |
_aLocher, J.L. _eed _9167903 |
|
| 700 | 1 |
_aPlym, Peters _etrad _9167904 |
|
| 700 | 1 |
_aWierda, F. _9167905 |
|
| 765 | 0 | _tleven en werk von M.C. Escher. | |
| 942 |
_cLIBRO _a17 _e1 _mB724e _2DEWEY _h769.92 |
||
| 999 |
_c71205 _d71205 |
||